000 01534cam a2200421 i 4500
001 18761401
003 NUST
005 20220228122930.0
008 150827s2014 pk a b 000 0 eng
010 _a 2015327439
020 _a9789694025711
038 _awaseem
040 _aDLC
_beng
_cDLC
_erda
042 _alcode
_apcc
043 _aa-pk---
050 0 0 _aS616.P34
_bK433 2014
082 _a333.913095491
_bKHA
100 1 _aKhan, Rina Saeed,
_eauthor.
_989777
245 1 4 _aThe dry side of the Indus :
_bexploring spate irrigation in Pakistan /
_cRina Saeed Khan, Karim Nawaz, Frank van Steenbergen, Arjumand Nizami, Shahid Ahmad.
264 1 _aLahore :
_bVanguard Books,
_c2014.
300 _axiii, 136 pages :
_billustrations ;
_c25 cm
336 _atext
_btxt
_2rdacontent
337 _aunmediated
_bn
_2rdamedia
338 _avolume
_bnc
_2rdacarrier
504 _aIncludes bibliographical references.
563 _aHBK.
650 0 _aIrrigation farming
_zPakistan.
_989778
650 0 _aIrrigation
_zPakistan.
_989779
650 0 _aArid regions agriculture
_zPakistan.
_989780
650 0 _aFloodplain agriculture
_zPakistan.
_989781
700 1 _aNawaz, Karim,
_eauthor.
_989782
700 1 _aSteenbergen, Frank van,
_eauthor.
_989783
700 1 _aNizami, Arjumand,
_eauthor.
_989784
700 1 _aAhmad, Shahid
_c(Researcher on water management),
_eauthor.
_989785
906 _a7
_bcbc
_corigode
_d3
_encip
_f20
_gy-nonroman
942 _2ddc
_cBK
999 _c588345
_d588345